000 00880nam a22002777a 4500
001 BR0505036
003 BR-BrBNA
005 20230928102030.0
007 ta
008 230509b bl.||||| |||| 00| 0 por d
040 _aBR-BrBNA
_bpor
_cBiblioteca Nacional de Agricultura
041 _a(Por)
072 _aD50; E70
090 _ D50 BR0505036
110 1 _aMinistério da Agricultura e do Abastecimento, Brasília, DF (Brasil)
_96726
245 1 _aManual de fiscalização da classificação de produtos vegetais seus subprodutos e resíduos de valor econômico
260 3 _aBrasília, DF (Brasil):
_c1997.
300 _a93 p.
650 _aPRODUTO DE ORIGEM VEGETAL
650 _aINSPEÇÃO VEGETAL
650 _aINSPEÇÃO SANITÁRIA
650 _aCLASSIFICAÇÃO DE PRODUTO
650 _aNORMALIZAÇÃO
909 _a202309
_bLucia
_c55
_dLucia Elande
942 _cBK
999 _c68797
_d68797